| 000 | 00664nab#a2200217#c#4500 | ||
|---|---|---|---|
| 999 |
_c122303 _d122303 |
||
| 003 | IEF | ||
| 005 | 20191204132219.0 | ||
| 008 | 950704s1976 uuu|| #####0 b| |u | ||
| 040 |
_aIEF _cES-MaIEF |
||
| 100 | 1 |
_aOrtega Fernández, Raimundo _932188 |
|
| 245 |
_aEl dictamen de la Comisión para el estudio de la implantación del patrón oro _bun análisis crítico _cRaimundo Ortega |
||
| 260 | _c1976 | ||
| 650 | 4 |
_aPATRON ORO _947982 |
|
| 650 | 4 |
_aESPAÑA _941092 |
|
| 650 | 4 |
_aDICTAMENES _942695 |
|
| 650 | 4 |
_aHISTORIA ECONOMICA _945401 |
|
| 773 | 0 |
_tHacienda pública española _w34570 _g42-43, p. 293-298 |
|
| 942 | _2udc | ||
| 942 | _2udc | ||